000 00507nam a2200193Ia 4500
008 240510s9999 xx 000 0 und d
020 _a0000830603484
041 _aEng
082 _a005.3
082 _bB54
100 _aBOLOCAN, DAVID
245 0 _aMicrosoft word 4.0 simplified for the IBM PC and compatibles
260 _bTAB, Blue Ridge Summit
260 _c1988
300 _a368 p.
650 _aMicrosoft word 4.0: word processing: applications packages
942 _2ddc
942 _cLBK
999 _c26080
_d26080
945 _a1
_bMadushi Gamage
_c1
_dMadushi Gamage